[Event "Bad Woerishofen op"]
[Site "?"]
[Date "2006.03.21"]
[Round "5"]
[White "Gutman, Lev"]
[Black "Mader, Manuela"]
[Result "0-1"]
[WhiteElo "2465"]
[BlackElo "2067"]
[PlyCount "76"]
[EventDate "2006.??.??"]

1. Nf3 Nf6 2. g3 g6 3. Bg2 Bg7 4. O-O O-O 5. d4 d6 6. a4 a5 7. Nbd2 Nbd7 8. Nc4
Re8 9. c3 c6 10. Qb3 Qc7 11. Ng5 d5 12. Bf4 Qd8 13. Ne5 Nxe5 14. dxe5 Nh5 15.
c4 h6 16. Nxf7 Kxf7 17. cxd5 cxd5 18. Bxd5+ e6 19. Be4 Nxf4 20. gxf4 Qh4 21.
Qf3 Rf8 22. Kh1 Kg8 23. e3 g5 24. Rg1 h5 25. Rad1 g4 26. Qg2 Rf7 27. f3 Bd7 28.
fxg4 hxg4 29. Rd6 Kh8 30. Qxg4 Qxg4 31. Rxg4 Bf8 32. Rb6 Rb8 33. Rh4+ Kg8 34.
Rg4+ Kh8 35. Bg6 Rg7 36. f5 exf5 37. Rc4 Rc8 38. Rxc8 Bxc8 {Zeit} 0-1

[Event "Bad Woerishofen op"]
[Site "?"]
[Date "2006.03.21"]
[Round "5"]
[White "Burmakin, Vladimir"]
[Black "Lupor, Andre"]
[Result "1-0"]
[WhiteElo "2519"]
[BlackElo "2259"]
[PlyCount "100"]
[EventDate "2006.??.??"]

1. d4 d5 2. g3 Nf6 3. Nf3 Bg4 4. Bg2 e6 5. O-O Nbd7 6. c4 c6 7. b3 Be7 8. Bb2
O-O 9. Nc3 Rc8 10. h3 Bh5 11. g4 Bg6 12. Nh4 Re8 13. Nxg6 hxg6 14. e3 Qa5 15.
a3 Qa6 16. Qe2 dxc4 17. Qxc4 Qxc4 18. bxc4 Nb6 19. c5 Nc4 20. Rfb1 b6 21. cxb6
axb6 22. Bc1 Nd5 23. Nd1 b5 24. Bf1 Ndb6 25. a4 Ra8 26. axb5 cxb5 27. Bg2 Rxa1
28. Rxa1 Rc8 29. Kf1 Na4 30. Bb7 Rb8 31. Bc6 Nd6 32. Ba3 b4 33. Bxb4 Rxb4 34.
Bxa4 g5 35. Bc6 g6 36. Ra7 Bf8 37. Ke2 Rc4 38. Ra6 Rb4 39. Kd3 Rb3+ 40. Kc2 Rb4
41. Nb2 Rb8 42. Nd3 Rc8 43. Nc5 Be7 44. Kd3 Bf8 45. e4 Ne8 46. e5 Nc7 47. Ra7
Nd5 48. Bxd5 exd5 49. Nd7 Rd8 50. Nf6+ Kg7 1-0

[Event "Bad Woerishofen op"]
[Site "?"]
[Date "2006.03.21"]
[Round "5"]
[White "Ikonnikov, Vyacheslav"]
[Black "Stark, Lars"]
[Result "1-0"]
[WhiteElo "2580"]
[BlackElo "2366"]
[PlyCount "81"]
[EventDate "2006.??.??"]

1. d4 Nf6 2. Nf3 e6 3. c4 c5 4. d5 exd5 5. cxd5 d6 6. Nc3 g6 7. e4 a6 8. h3 b5
9. Bd3 Bg7 10. O-O O-O 11. Re1 Nbd7 12. a3 Re8 13. Bf4 Qb6 14. Qd2 Bb7 15. b4
Rac8 16. Rac1 Nh5 17. Bh2 Ne5 18. Nxe5 Bxe5 19. Bxe5 Rxe5 20. Qe3 Ree8 21. a4
bxa4 22. bxc5 Qxc5 23. Nxa4 Qxe3 24. fxe3 Nf6 25. Nb6 Rxc1 26. Rxc1 Re7 27. Nc4
Ne8 28. Na5 Kf8 29. Kf2 f5 30. Nxb7 Rxb7 31. exf5 g5 32. Bxa6 Rb8 33. Bc8 Ke7
34. Kf3 h6 35. Rc6 Rb5 36. Be6 Rb8 37. h4 gxh4 38. Rc4 h3 39. gxh3 Kf6 40. Bd7
Kg5 41. Rg4+ 1-0

[Event "Bad Woerishofen op"]
[Site "?"]
[Date "2006.03.21"]
[Round "5"]
[White "Starostits, Ilmars"]
[Black "Rahls, Peter"]
[Result "1-0"]
[WhiteElo "2493"]
[BlackElo "2334"]
[PlyCount "75"]
[EventDate "2006.??.??"]

1. e4 c5 2. Nf3 e6 3. d4 cxd4 4. Nxd4 Nf6 5. Nc3 d6 6. Bc4 a6 7. Bb3 Be7 8. Be3
O-O 9. f4 Nc6 10. Qe2 Bd7 11. f5 Nxd4 12. Bxd4 exf5 13. exf5 Bxf5 14. O-O Bg6
15. Rae1 Re8 16. Qf3 Rc8 17. Qxb7 d5 18. Qxa6 Bc5 19. Bxc5 Rxc5 20. Qa7 Rxe1
21. Rxe1 Rxc3 22. bxc3 h5 23. Qd4 Qc7 24. Bxd5 Nxd5 25. Qxd5 Qxc3 26. Qe5 Qxc2
27. Qe8+ Kh7 28. Qe2 Qa4 29. Kh1 Kh6 30. h3 Bf5 31. Qe3+ Kh7 32. a3 Qh4 33. Rf1
Be6 34. Qf4 Qd8 35. Qe5 g6 36. Qc3 Qd5 37. a4 g5 38. Qf3 1-0

[Event "Bad Woerishofen op"]
[Site "?"]
[Date "2006.03.21"]
[Round "5"]
[White "Bogner, Sebastian"]
[Black "Marxen, Peter"]
[Result "1-0"]
[WhiteElo "2299"]
[BlackElo "2165"]
[PlyCount "95"]
[EventDate "2006.??.??"]

1. e4 c5 2. Nf3 g6 3. c4 Nc6 4. d4 cxd4 5. Nxd4 Nf6 6. Nc3 d6 7. Be2 Nxd4 8.
Qxd4 Bg7 9. Bg5 O-O 10. Qd2 Be6 11. Rc1 Qa5 12. b3 Rfc8 13. f3 a6 14. Nd5 Qxd2+
15. Kxd2 Bxd5 16. exd5 Kf8 17. Bd3 Nd7 18. Rhe1 Re8 19. Re2 Nc5 20. Rce1 Nxd3
21. Kxd3 f6 22. Bd2 a5 23. Be3 e5 24. dxe6 Rxe6 25. Bf4 Rxe2 26. Rxe2 Rd8 27.
Kd4 f5+ 28. Kd5 Be5 29. Bg5 Rc8 30. f4 Bg7 31. Be7+ Kf7 32. Bxd6 Bf6 33. c5 h6
34. a3 g5 35. Rf2 g4 36. Re2 h5 37. b4 axb4 38. axb4 Ra8 39. Kc4 Ra3 40. Kb5
Ra6 41. Kc4 Ra3 42. b5 h4 43. Kb4 Ra1 44. c6 Rb1+ 45. Kc5 bxc6 46. Kxc6 Rc1+
47. Kb7 Rd1 48. Bc7 1-0

[Event "Bad Woerishofen op"]
[Site "?"]
[Date "2006.03.21"]
[Round "5"]
[White "Weisenburger, Horst"]
[Black "Friedrich, Norbert"]
[Result "0-1"]
[WhiteElo "2152"]
[BlackElo "2304"]
[PlyCount "46"]
[EventDate "2006.??.??"]

1. e4 c5 2. f4 d5 3. exd5 Qxd5 4. Nc3 Qd8 5. Nf3 g6 6. Ne5 a6 7. Bc4 Nh6 8. d3
Nd7 9. O-O Bg7 10. Be3 Qc7 11. Qf3 O-O 12. Rae1 Nf5 13. Bf2 Nxe5 14. fxe5 Bxe5
15. Nd5 Qd6 16. g4 Nd4 17. Qe4 e6 18. Ne3 Bd7 19. Ng2 Bc6 20. Qe3 Bxh2+ 21. Kh1
Nxc2 22. Qxc5 Nxe1 23. Rxe1 Bg3 0-1

[Event "Bad Woerishofen op"]
[Site "Bad Woerishofen"]
[Date "2006.03.21"]
[Round "5"]
[White "Rau, Hannes"]
[Black "Eingorn, Viacheslav"]
[Result "1/2-1/2"]
[WhiteElo "2425"]
[BlackElo "2595"]
[PlyCount "85"]
[EventDate "2006.03.20"]
[EventType "swiss"]
[EventRounds "9"]
[EventCountry "GER"]

1. d4 e6 2. c4 Bb4+ 3. Bd2 Qe7 4. Nf3 Nf6 5. Nc3 O-O 6. Qc2 d6 7. a3 Bxc3 8.
Bxc3 Nbd7 9. g3 b6 10. Bg2 Bb7 11. O-O Be4 12. Qd1 a5 13. b4 axb4 14. axb4 Rxa1
15. Qxa1 Ra8 16. Qb2 b5 17. c5 Qd8 18. Ra1 Rxa1+ 19. Qxa1 Qa8 20. Qxa8+ Bxa8
21. Nd2 Bxg2 22. Kxg2 Nd5 23. Nb1 f5 24. Bd2 Kf7 25. cxd6 cxd6 26. Na3 Nc7 27.
Bg5 Ke8 28. Bf4 Ke7 29. Bg5+ Ke8 30. Bf4 e5 31. dxe5 dxe5 32. Bd2 Ke7 33. f3
Nb6 34. e4 g6 35. Bg5+ Ke6 36. Bd8 Nba8 37. g4 fxe4 38. fxe4 Kd7 39. Bf6 Ke6
40. Bg5 Na6 41. Bd2 N8c7 42. Kg3 Nb8 43. Be3 1/2-1/2

[Event "Bad Woerishofen op"]
[Site "Bad Woerishofen"]
[Date "2006.03.21"]
[Round "5"]
[White "Michalczak, Thomas"]
[Black "Lieb, Harald"]
[Result "1-0"]
[WhiteElo "2361"]
[BlackElo "2242"]
[PlyCount "89"]
[EventDate "2006.03.20"]
[EventType "swiss"]
[EventRounds "9"]
[EventCountry "GER"]

1. e4 e6 2. d4 d5 3. Nc3 Nf6 4. e5 Nfd7 5. f4 c5 6. Nf3 Nc6 7. Be3 a6 8. Qd2 b5
9. a3 cxd4 10. Nxd4 Nxd4 11. Bxd4 Bb7 12. g3 Rc8 13. Bg2 Be7 14. O-O g6 15.
Rae1 Rc4 16. Ne2 h5 17. c3 a5 18. b4 Nb8 19. h3 Nc6 20. g4 hxg4 21. hxg4 Kd7
22. Bf3 Nxd4 23. Nxd4 Qb6 24. Be2 axb4 25. axb4 Bxb4 26. Bxc4 dxc4 27. Re2 Bc5
28. Rh2 Rd8 29. Rh7 Kc8 30. Kh2 b4 31. Rd1 bxc3 32. Qxc3 Bxd4 33. Qxc4+ Kb8 34.
Qc2 g5 35. Rb1 Rc8 36. Qxc8+ Kxc8 37. Rxb6 Bxb6 38. fxg5 Bd4 39. Rxf7 Bxe5+ 40.
Kh3 Bd5 41. g6 Kd8 42. g7 Bxg7 43. Rxg7 Ke8 44. Kg3 Kf8 45. Ra7 1-0

[Event "Bad Woerishofen op"]
[Site "Bad Woerishofen"]
[Date "2006.03.21"]
[Round "5"]
[White "Thinius, Marco"]
[Black "Tolhuizen, Ludo"]
[Result "1-0"]
[WhiteElo "2343"]
[BlackElo "2253"]
[PlyCount "81"]
[EventDate "2006.03.20"]
[EventType "swiss"]
[EventRounds "9"]
[EventCountry "GER"]

1. e4 e6 2. d4 d5 3. Nc3 Nf6 4. Bg5 Be7 5. e5 Nfd7 6. h4 a6 7. Qg4 f5 8. Qh5+
g6 9. Qh6 Bxg5 10. hxg5 Kf7 11. Nge2 Qf8 12. Nf4 Qxh6 13. Rxh6 Nf8 14. O-O-O
Nc6 15. Rd3 Bd7 16. g4 fxg4 17. Be2 Kg7 18. Bxg4 Nd8 19. Rh2 Rc8 20. Nfe2 b6
21. f4 c5 22. Kd2 Nc6 23. Nd1 Na5 24. Ne3 h5 25. gxh6+ Rxh6 26. Rxh6 Kxh6 27.
dxc5 Rxc5 28. Nd4 Nc4+ 29. Nxc4 Rxc4 30. Ke3 g5 31. fxg5+ Kxg5 32. Be2 Rc8 33.
Rd1 Ng6 34. Bxa6 Ra8 35. Nf3+ Kh6 36. Bd3 Be8 37. a3 Ra4 38. Bxg6 Bxg6 39. Nd4
Bf7 40. Rf1 Kg7 41. Rf6 1-0

[Event "Bad Woerishofen op"]
[Site "Bad Woerishofen"]
[Date "2006.03.21"]
[Round "5"]
[White "Pleyer, Felix"]
[Black "Pfuetzner, Julian"]
[Result "1-0"]
[WhiteElo "2171"]
[BlackElo "2029"]
[PlyCount "77"]
[EventDate "2006.03.20"]
[EventType "swiss"]
[EventRounds "9"]
[EventCountry "GER"]

1. Nf3 e6 2. c4 f5 3. d4 Nf6 4. g3 b6 5. Bg2 Bb7 6. Nc3 Bb4 7. O-O O-O 8. Bd2
Be7 9. Re1 Qe8 10. Nb5 Bd8 11. Bf4 Na6 12. Bd6 Be7 13. Bxc7 Ne4 14. Nd2 d5 15.
Nxe4 fxe4 16. Be5 Qc6 17. Rc1 Bg5 18. e3 Nb4 19. Qg4 Bf6 20. Bd6 Nd3 21. Bxf8
Kxf8 22. b3 Be7 23. Red1 Nxc1 24. Rxc1 Kg8 25. Bh3 Bc8 26. Qf4 Bd7 27. Qc7 Rc8
28. Qxc6 Rxc6 29. Nc3 Bc8 30. Ne2 Ba3 31. Rc2 g5 32. Bf1 Ba6 33. Nc3 Rc8 34.
Nb1 Bd6 35. a3 Kf7 36. Rc3 Ke7 37. Bh3 Rc7 38. cxd5 Rxc3 39. Nxc3 1-0

[Event "Bad Woerishofen op"]
[Site "?"]
[Date "2006.03.21"]
[Round "5"]
[White "Gerstner, Bernhard"]
[Black "Schlawin, Marlon"]
[Result "0-1"]
[WhiteElo "2140"]
[BlackElo "2301"]
[PlyCount "73"]
[EventDate "2006.??.??"]

1. e4 e6 2. d4 d5 3. Nc3 Nf6 4. e5 Nfd7 5. f4 c5 6. Nf3 Qb6 7. Be3 a6 8. Na4
Qa5+ 9. c3 cxd4 10. b4 Qc7 11. Qxd4 Nc6 12. Qd2 b5 13. Nb2 f6 14. exf6 Nxf6 15.
Bd3 Bd6 16. O-O O-O 17. a4 Rb8 18. axb5 axb5 19. Nd4 Nxd4 20. Bxd4 Ne4 21. Bxe4
dxe4 22. Be3 Bb7 23. Rad1 Rbd8 24. Qc2 Bxb4 25. Rxd8 Rxd8 26. Qb3 Qxc3 27.
Qxe6+ Kh8 28. Nd1 Qc6 29. Qe5 Rd5 30. Qxe4 Rd3 31. Qxc6 Bxc6 32. Kf2 Kg8 33. g4
Bd6 34. Ke2 Ra3 35. Nf2 b4 36. Rd1 Bb5+ 37. Ke1 0-1

[Event "Bad Woerishofen sen"]
[Site "?"]
[Date "2006.03.22"]
[Round "6"]
[White "Mantzouneas, Nikolaos"]
[Black "Hoennekes, Klaus"]
[Result "1-0"]
[WhiteElo "2010"]
[BlackElo "2138"]
[PlyCount "51"]
[EventDate "2006.??.??"]

1. d4 f5 2. c4 Nf6 3. Nc3 g6 4. g3 Bg7 5. Bg2 d6 6. Nf3 O-O 7. O-O Qe8 8. d5
Na6 9. Nd4 Nc5 10. b4 e5 11. bxc5 exd4 12. Nb5 dxc5 13. Nxc7 Qe5 14. Bf4 Qe7
15. Nxa8 Ne8 16. Rb1 Nd6 17. Qa4 g5 18. Bxd6 Qxd6 19. Qxa7 f4 20. Qb6 Qe5 21.
Rbe1 Bf5 22. Nc7 fxg3 23. hxg3 Rf6 24. Ne6 Bxe6 25. dxe6 Bf8 26. Qxb7 1-0

[Event "Bad Woerishofen sen"]
[Site "?"]
[Date "2006.03.22"]
[Round "6"]
[White "Schratzenstaller, Albert"]
[Black "Ganslmayer, Herbert"]
[Result "1-0"]
[WhiteElo "1946"]
[BlackElo "2050"]
[PlyCount "81"]
[EventDate "2006.??.??"]

1. c4 g6 2. Nc3 Bg7 3. g3 c5 4. Bg2 d6 5. Nf3 Nf6 6. O-O O-O 7. b3 Nc6 8. Bb2
Rb8 9. d4 cxd4 10. Nxd4 Nxd4 11. Qxd4 Qa5 12. Qd3 Qh5 13. f3 Bh3 14. Rab1 Bxg2
15. Kxg2 Rfd8 16. Ne4 Nxe4 17. Qxe4 Bxb2 18. Rxb2 e6 19. Rd2 d5 20. cxd5 exd5
21. Qd4 b6 22. Rc1 Rd7 23. Qf6 Qh6 24. Rdc2 Qe3 25. Rc8+ Rd8 26. Rxd8+ Rxd8 27.
Qxd8+ Kg7 28. Rc2 d4 29. Qc7 g5 30. f4 Qe4+ 31. Kh3 Qe6+ 32. g4 Qe3+ 33. Kg2
Qe4+ 34. Kg1 gxf4 35. Qc6 Qe3+ 36. Kf1 d3 37. Qc3+ f6 38. Qxd3 Qe5 39. g5 fxg5
40. Qd7+ Kh6 41. Rc6+ 1-0

[Event "Bad Woerishofen sen"]
[Site "?"]
[Date "2006.03.22"]
[Round "6"]
[White "Schueler, Wolfgang"]
[Black "Siegmund, Rainer"]
[Result "0-1"]
[WhiteElo "2073"]
[BlackElo "2177"]
[PlyCount "40"]
[EventDate "2006.??.??"]

1. e4 c5 2. Nc3 Nc6 3. g3 g6 4. Bg2 Bg7 5. d3 d6 6. Nf3 e6 7. O-O Nge7 8. Be3
Nd4 9. Bxd4 cxd4 10. Ne2 Nc6 11. Nd2 O-O 12. f4 f5 13. a3 Kh8 14. Kh1 e5 15.
Nf3 Bd7 16. Qd2 Rc8 17. c4 fxe4 18. dxe4 Na5 19. Qb4 Nxc4 20. Rfc1 b5 0-1

[Event "Bad Woerishofen sen"]
[Site "?"]
[Date "2006.03.22"]
[Round "6"]
[White "Ladstetter, Josef"]
[Black "Fahnenschmidt, Gerhard"]
[Result "1/2-1/2"]
[WhiteElo "2082"]
[BlackElo "2182"]
[PlyCount "75"]
[EventDate "2006.??.??"]

1. d4 Nf6 2. Nf3 e6 3. e3 c5 4. Bd3 b6 5. Nbd2 Bb7 6. O-O Be7 7. c3 O-O 8. Re1
Nc6 9. e4 cxd4 10. cxd4 Nb4 11. Bb1 Ba6 12. Nf1 Rc8 13. a3 Rxc1 14. Qxc1 Nd3
15. Bxd3 Bxd3 16. Ng3 Qa8 17. Qe3 Ba6 18. Rac1 Bb7 19. Nd2 Qb8 20. h3 Ne8 21.
Ne2 Nd6 22. Ng3 h6 23. Nc4 Bg5 24. Qb3 Bxc1 25. Nxd6 Qxd6 26. Rxc1 h5 27. Qe3
h4 28. Ne2 e5 29. f3 f5 30. d5 fxe4 31. fxe4 Ba6 32. Nc3 Rf4 33. Ne2 Bxe2 34.
Qxe2 Qg6 35. Re1 Qg3 36. Rf1 Rxf1+ 37. Kxf1 Qf4+ 38. Kg1 1/2-1/2

[Event "Bad Woerishofen sen"]
[Site "?"]
[Date "2006.03.22"]
[Round "6"]
[White "Minz, Michail"]
[Black "Budt, Karl-Heinz"]
[Result "1/2-1/2"]
[WhiteElo "2163"]
[BlackElo "2104"]
[PlyCount "79"]
[EventDate "2006.??.??"]

1. e4 c5 2. Nc3 d6 3. g3 Nc6 4. Bg2 g6 5. d3 Bg7 6. Be3 e6 7. Qd2 Nge7 8. Bh6
O-O 9. Bxg7 Kxg7 10. f4 Nd4 11. Nce2 Nec6 12. c3 Nxe2 13. Nxe2 d5 14. exd5 exd5
15. O-O Bg4 16. Rae1 Qd7 17. Kh1 Rae8 18. Ng1 Bf5 19. h3 h5 20. Kh2 Ne7 21. Nf3
Qd6 22. b3 Ng8 23. Nh4 Nh6 24. d4 Be4 25. dxc5 Qxc5 26. Rf2 f5 27. Nf3 Bxf3 28.
Rxf3 Ng8 29. Rxe8 Rxe8 30. Rd3 Nf6 31. Bxd5 Nxd5 32. Rxd5 Re2+ 33. Qxe2 Qxd5
34. Qf2 Kf7 35. Kg1 Qd1+ 36. Qf1 Qc2 37. Qc4+ Kg7 38. Qd4+ Kh7 39. c4 Qb1+ 40.
Kg2 1/2-1/2

[Event "Bad Woerishofen op"]
[Site "?"]
[Date "2006.03.22"]
[Round "6"]
[White "Stabolewski, Andreas"]
[Black "Salvermoser, Bernd"]
[Result "1-0"]
[WhiteElo "2228"]
[BlackElo "2304"]
[PlyCount "37"]
[EventDate "2006.??.??"]

1. e4 c6 2. Nf3 d5 3. exd5 cxd5 4. Ne5 a6 5. d4 g6 6. Bd3 f6 7. Nf3 Nc6 8. O-O
Bg4 9. Be2 Qd7 10. Be3 Nh6 11. h3 Bf5 12. c4 dxc4 13. Bxc4 Rc8 14. Qd2 Nxd4 15.
Nxd4 Rxc4 16. Rd1 e5 17. Nxf5 Qxf5 18. Qd8+ Kf7 19. Rd7+ 1-0

[Event "Bad Woerishofen op"]
[Site "?"]
[Date "2006.03.22"]
[Round "6"]
[White "Heika, Martin"]
[Black "Burmakin, Vladimir"]
[Result "0-1"]
[WhiteElo "2357"]
[BlackElo "2519"]
[PlyCount "96"]
[EventDate "2006.??.??"]

1. e4 b6 2. d4 Bb7 3. Nc3 e6 4. Nf3 Bb4 5. Bd3 Nf6 6. Qe2 d5 7. exd5 Qxd5 8.
O-O Bxc3 9. bxc3 O-O 10. c4 Qh5 11. Ne5 Qxe2 12. Bxe2 Rd8 13. Rd1 Ne4 14. Bb2
Nd7 15. Ng4 Ndf6 16. Nxf6+ Nxf6 17. f3 Nd7 18. Rd2 Nf8 19. Rad1 Rd7 20. Kf2 Ng6
21. Bd3 Ne7 22. Be4 Rb8 23. Bxb7 Rxb7 24. d5 c5 25. dxe6 Rxd2+ 26. Rxd2 fxe6
27. Rd6 Kf7 28. a4 Rc7 29. Ke2 Nc6 30. Bc3 Ke7 31. Rd1 g6 32. Ke3 Rc8 33. Rb1
Rd8 34. a5 bxa5 35. Rb5 Kd6 36. Bxa5 Rb8 37. Be1 a6 38. Bg3+ e5 39. Rxb8 Nxb8
40. f4 Nd7 41. fxe5+ Ke6 42. Ke4 a5 43. Be1 a4 44. Bc3 a3 45. g4 Nb8 46. h4 Nc6
47. h5 g5 48. h6 a2 0-1

[Event "Bad Woerishofen sen"]
[Site "?"]
[Date "2006.03.22"]
[Round "6"]
[White "Hoeschele, Hans-U"]
[Black "Neese, Hans-Joachim"]
[Result "0-1"]
[WhiteElo "2180"]
[BlackElo "2244"]
[PlyCount "114"]
[EventDate "2006.??.??"]

1. Nf3 c5 2. c4 Nf6 3. Nc3 g6 4. d4 cxd4 5. Nxd4 Bg7 6. e4 d6 7. Be2 O-O 8. Be3
Nc6 9. O-O Bd7 10. Nxc6 bxc6 11. f3 Rb8 12. Qd2 Qc7 13. Rac1 Rfd8 14. Rfd1 Rb7
15. Bf1 Be6 16. b3 Qa5 17. Ne2 Qxd2 18. Rxd2 Ra8 19. Nd4 Bd7 20. Ne2 c5 21. Nc3
a5 22. Bd3 a4 23. Nxa4 Bxa4 24. bxa4 Rxa4 25. e5 Ne8 26. Be4 Rc7 27. Rb1 Rc8
28. Rb7 Bxe5 29. Rxe7 Nf6 30. Bb7 Rb8 31. Bc6 Rxc4 32. a4 Rb1+ 33. Kf2 Kg7 34.
Bb5 Rc3 35. g3 Rbb3 36. Bf4 Rxf3+ 37. Kg2 Bxf4 38. gxf4 d5 39. Be2 Rxf4 40. a5
Ra3 41. a6 Rfa4 42. Bb5 Ra5 43. Rb2 c4 44. Rb7 c3 45. Rc2 d4 46. Bc4 Ng4 47.
Rxf7+ Kh6 48. Rf3 Ne3+ 49. Rxe3 dxe3 50. Kf3 Re5 51. Bd3 Re7 52. Ke2 Kh5 53.
Kf3 Kh4 54. Ke2 Kg4 55. Bc4 Kf4 56. Rc1 Rd7 57. Ke1 Rd2 0-1

[Event "Bad Woerishofen op"]
[Site "Bad Woerishofen"]
[Date "2006.03.22"]
[Round "6"]
[White "Kveinys, Aloyzas"]
[Black "Wohl, Alexandar"]
[Result "0-1"]
[WhiteElo "2517"]
[BlackElo "2452"]
[PlyCount "78"]
[EventDate "2006.03.20"]
[EventType "swiss"]
[EventRounds "9"]
[EventCountry "GER"]

1. d4 Nf6 2. c4 e6 3. Nc3 Bb4 4. Qc2 O-O 5. a3 Bxc3+ 6. Qxc3 b6 7. Bg5 Bb7 8.
e3 d6 9. Ne2 Nbd7 10. Qd3 e5 11. Nc3 exd4 12. exd4 Qe8+ 13. Be2 Ne4 14. Nxe4
Bxe4 15. Qg3 f5 16. h4 Qf7 17. Bf4 Rae8 18. Kf1 Nf6 19. h5 Bxg2+ 20. Qxg2 Rxe2
21. Kxe2 Qxc4+ 22. Kf3 Qd3+ 23. Be3 f4 24. Kxf4 Nd5+ 25. Kg4 Qe2+ 26. Kh3 Nxe3
27. fxe3 Rf3+ 28. Kh2 Rf2 29. Rhg1 Qxe3 30. Qxf2 Qxf2+ 31. Kh3 Qxd4 32. Rae1 h6
33. Rg3 Qxb2 34. Re7 c5 35. Rf3 Qc1 36. Re8+ Kh7 37. Rff8 Qh1+ 38. Kg4 Qg2+ 39.
Kf5 Qd5+ 0-1

[Event "Bad Woerishofen op"]
[Site "Bad Woerishofen"]
[Date "2006.03.22"]
[Round "6"]
[White "Friedrich, Norbert"]
[Black "Roeder, Mathias"]
[Result "1/2-1/2"]
[WhiteElo "2304"]
[BlackElo "2400"]
[PlyCount "54"]
[EventDate "2006.03.20"]
[EventType "swiss"]
[EventRounds "9"]
[EventCountry "GER"]

1. e4 c5 2. Nf3 d6 3. d4 cxd4 4. Nxd4 Nf6 5. Nc3 a6 6. Be2 e5 7. Nb3 Be7 8. Bg5
Be6 9. Bxf6 Bxf6 10. Qd3 O-O 11. O-O-O Be7 12. Nd5 Bxd5 13. Qxd5 Qb6 14. Rhf1
Nd7 15. Bc4 Qc7 16. Qd3 Rac8 17. Bd5 a5 18. Kb1 Nb6 19. Na1 Nxd5 20. Qxd5 Qb6
21. Qb3 Qxb3 22. axb3 f5 23. exf5 Rxf5 24. f3 Rc5 25. c3 Rh5 26. h3 d5 27. Nc2
Rb5 1/2-1/2

[Event "Bad Woerishofen op"]
[Site "Bad Woerishofen"]
[Date "2006.03.22"]
[Round "6"]
[White "Mader, Manuela"]
[Black "Olzem, Lothar"]
[Result "1/2-1/2"]
[WhiteElo "2067"]
[BlackElo "2204"]
[PlyCount "44"]
[EventDate "2006.03.20"]
[EventType "swiss"]
[EventRounds "9"]
[EventCountry "GER"]

1. e4 c5 2. c3 e6 3. d4 d5 4. exd5 exd5 5. Be3 Qb6 6. Qb3 c4 7. Qxb6 axb6 8.
Nd2 b5 9. g3 Bd6 10. Bg2 Ne7 11. Ne2 Nd7 12. Bf4 Ra6 13. O-O Kd8 14. Rfe1 Kc7
15. Nf1 h6 16. Ne3 Nb6 17. Nc2 g5 18. Bxd6+ Kxd6 19. Kh1 Bg4 20. Ng1 Raa8 21.
h3 Bf5 22. Nb4 Nc6 1/2-1/2

[Event "Bad Woerishofen op"]
[Site "Bad Woerishofen"]
[Date "2006.03.22"]
[Round "6"]
[White "Graf, Felix"]
[Black "Dittmar, Peter"]
[Result "0-1"]
[WhiteElo "2209"]
[BlackElo "2334"]
[PlyCount "63"]
[EventDate "2006.03.20"]
[EventType "swiss"]
[EventRounds "9"]
[EventCountry "GER"]

1. d4 d5 2. c4 e6 3. Nc3 Nf6 4. cxd5 exd5 5. Bg5 c6 6. e3 Be7 7. Bd3 Nbd7 8.
Nge2 Nh5 9. Bxe7 Qxe7 10. Qc2 g6 11. O-O-O Nb6 12. Rhe1 O-O 13. h3 Re8 14. g4
Ng7 15. Ng3 Qh4 16. Rh1 Be6 17. Rdg1 Kh8 18. f4 Bd7 19. Qf2 Re7 20. f5 gxf5 21.
gxf5 f6 22. Qf3 Rae8 23. e4 dxe4 24. Ncxe4 Nd5 25. Kb1 Nb4 26. Nd6 Qxd4 27.
Nxe8 Nxd3 28. Rg2 Ne1 29. Qg4 Qd3+ 30. Ka1 Bxe8 31. Rf2 Nc2+ 32. Kb1 0-1

[Event "Bad Woerishofen op"]
[Site "Bad Woerishofen"]
[Date "2006.03.22"]
[Round "6"]
[White "Siebrecht, Sebastian"]
[Black "Saravanan, Venkatach"]
[Result "0-1"]
[WhiteElo "2429"]
[BlackElo "2329"]
[PlyCount "84"]
[EventDate "2006.03.20"]
[EventType "swiss"]
[EventRounds "9"]
[EventCountry "GER"]

1. d4 Nf6 2. Nf3 g6 3. c4 Bg7 4. Nc3 O-O 5. e4 d6 6. h3 Na6 7. Bg5 c6 8. Be2 e5
9. d5 h6 10. Be3 cxd5 11. cxd5 Nh5 12. Nd2 Nf4 13. Bf1 Nc5 14. Nc4 b5 15. Nxb5
Nxe4 16. Nxa7 Bb7 17. Nc6 Bxc6 18. dxc6 d5 19. Qc2 Rc8 20. Nd2 Nxd2 21. Bxd2
Ne6 22. Rc1 Nd4 23. Qa4 Qb6 24. Qb4 Rxc6 25. Qxb6 Rxb6 26. Bc3 Ne6 27. b4 Rc8
28. b5 e4 29. Kd2 Ra8 30. Ra1 d4 31. Bb2 d3 32. Bxg7 Kxg7 33. f3 f5 34. g4 Rxb5
35. gxf5 gxf5 36. fxe4 fxe4 37. Ke3 Ra4 38. h4 Nd4 39. Rc1 Nf5+ 40. Kf4 e3+ 41.
Kf3 Rb2 42. Rc7+ Kf8 0-1

[Event "Bad Woerishofen op"]
[Site "Bad Woerishofen"]
[Date "2006.03.22"]
[Round "6"]
[White "Lipok, Christoph"]
[Black "Dubkov, Andrej"]
[Result "1/2-1/2"]
[WhiteElo "2186"]
[BlackElo "2300"]
[PlyCount "80"]
[EventDate "2006.03.20"]
[EventType "swiss"]
[EventRounds "9"]
[EventCountry "GER"]

1. d4 f5 2. g3 Nf6 3. Nf3 g6 4. b4 Bg7 5. Bb2 d6 6. Nbd2 e5 7. dxe5 Ng4 8. Nc4
d5 9. e6 Bxb2 10. Nxb2 Bxe6 11. Bg2 Qe7 12. c3 Nd7 13. Nd3 Bf7 14. Qd2 O-O 15.
Ng5 Ndf6 16. h3 Ne5 17. Nxe5 Qxe5 18. Qd4 Rfe8 19. Qxe5 Rxe5 20. Rd1 Be8 21.
Nf3 Re7 22. Nd4 a6 23. e3 Ba4 24. Rd2 c6 25. O-O Bb5 26. Ra1 Bc4 27. a4 Kg7 28.
a5 Rf8 29. Re1 Ne8 30. Rdd1 Nd6 31. f3 g5 32. Kf2 Kf6 33. g4 fxg4 34. hxg4 Kg6
35. Kg3 Rfe8 36. Kf2 h5 37. gxh5+ Kxh5 38. Bh3 Kg6 39. Bg4 Rh8 40. Rh1 Reh7
1/2-1/2

[Event "Bad Woerishofen op"]
[Site "?"]
[Date "2006.03.22"]
[Round "6"]
[White "Henrichs, Thomas"]
[Black "Starostits, Ilmars"]
[Result "1-0"]
[WhiteElo "2434"]
[BlackElo "2493"]
[PlyCount "121"]
[EventDate "2006.??.??"]

1. d4 d5 2. c4 c6 3. e3 Nf6 4. Nc3 a6 5. Nf3 b5 6. b3 Bg4 7. h3 Bxf3 8. gxf3
Nbd7 9. f4 e6 10. c5 Ne4 11. Qc2 f5 12. Bb2 Ndf6 13. O-O-O a5 14. Nb1 b4 15.
Rg1 Nd7 16. f3 Nef6 17. Nd2 g6 18. a3 bxa3 19. Bc3 Kf7 20. Qa2 Be7 21. Qxa3 Qb6
22. Kc2 Rhb8 23. b4 Qa7 24. Ra1 a4 25. Nb1 Ne8 26. Qc1 Nc7 27. Na3 Nb5 28. Bxb5
cxb5 29. Qf1 Qb7 30. Be1 Qc6 31. Kb1 Rb7 32. Ra2 Nf6 33. Bh4 Ne4 34. fxe4 Bxh4
35. e5 Ke8 36. Rag2 Kd8 37. Ka2 Kc7 38. Nb1 Ra6 39. Ka3 Kb8 40. Nd2 Qe8 41. Nf3
Qd8 42. Ng5 Ka7 43. Rc2 Rc6 44. Nxh7 Rxh7 45. Qxb5 Qe8 46. Qe2 Bd8 47. b5 Rc8
48. Ra2 Bb6 49. Kb4 Qf8 50. Qc2 Kb8 51. Rxa4 Rb7 52. Rga1 Kc7 53. Ra6 Kd8 54.
Ra8 Ke7 55. Rxc8 Qxc8 56. Ra6 Kf7 57. Qa2 Bc7 58. Ra7 Ke8 59. Qa6 Rb8 60. Qc6+
Kd8 61. b6 1-0

[Event "Bad Woerishofen op"]
[Site "?"]
[Date "2006.03.23"]
[Round "7"]
[White "Weisenburger, Horst"]
[Black "Knoll, Georg"]
[Result "1-0"]
[WhiteElo "2152"]
[BlackElo "2026"]
[PlyCount "21"]
[EventDate "2006.??.??"]

1. e4 b6 2. f4 e5 3. Bc4 Nc6 4. Nf3 Qe7 5. Nc3 Nf6 6. Ng5 Nd8 7. fxe5 Qxe5 8.
d4 Qa5 9. O-O d6 10. Nb5 Bg4 11. Qd3 1-0

[Event "Bad Woerishofen op"]
[Site "?"]
[Date "2006.03.23"]
[Round "7"]
[White "Trabert, Bettina"]
[Black "Waldschmidt, Georg"]
[Result "1-0"]
[WhiteElo "2276"]
[BlackElo "2185"]
[PlyCount "51"]
[EventDate "2006.??.??"]

1. e4 e6 2. d4 d5 3. Nd2 Nf6 4. e5 Nfd7 5. Bd3 c5 6. c3 Nc6 7. Ne2 cxd4 8. cxd4
f6 9. exf6 Nxf6 10. Nf3 Qc7 11. O-O Bd6 12. Bg5 O-O 13. Bh4 Nh5 14. Qc2 h6 15.
Bg6 Rxf3 16. gxf3 Bxh2+ 17. Kh1 Nf4 18. Ng3 Qb6 19. Rad1 Nxd4 20. Qa4 Nxg6 21.
Qe8+ Nf8 22. Nh5 Nf5 23. Nf6+ gxf6 24. Rg1+ Bxg1 25. Rxg1+ Ng7 26. Qe7 1-0